Social psychology: a brief introduction
Wedi'i Gadw mewn:
| Prif Awdur: | |
|---|---|
| Fformat: | Llyfr |
| Iaith: | Saesneg |
| Cyhoeddwyd: |
Nueva York
Holt, Rinehart and Winston
1964
|
| Pynciau: | |
| Tagiau: |
Ychwanegu Tag
Dim Tagiau, Byddwch y cyntaf i dagio'r cofnod hwn!
|
MARC
| LEADER | 00000nam a2200000 a 4500 | ||
|---|---|---|---|
| 001 | UCG0263 | ||
| 003 | CL-VaPUC | ||
| 008 | 100318e19640000US |||||||||||||||||eng|d | ||
| 082 | 0 | 4 | |a 302 |b MAC |2 21 |
| 100 | |a McGrath, Joseph E. |e autor |9 547620 | ||
| 245 | 1 | 0 | |a Social psychology: a brief introduction |
| 300 | |a 166 p | ||
| 942 | |c BK | ||
| 945 | |d 20100318 00:00:00 |a rbrito | ||
| 260 | |a Nueva York |b Holt, Rinehart and Winston |c 1964 | ||
| 650 | 0 | |a Psicología social |9 222894 | |
| 650 | 0 | |a Dinámica de grupos |9 259862 | |
| 650 | 0 | |a Desarrollo social |9 264534 | |
| 650 | 0 | |a Cambio social |9 256857 | |
| 583 | |a last modification |c 20121105 04:45:54 |k Rodrigo Vera | ||
| 999 | |c 339951 |d 339949 | ||
| 952 | |0 0 |1 0 |4 0 |6 302_000000000000000_MAC_1964 |7 0 |8 P |9 434218 |a BIBEDU |b BIBEDU |c BIBEDU_PB |d 2019-11-22 |i 4644034 |o 302 MAC 1964 |p 4644034 |r 2024-01-25 |w 2019-11-22 |y BK |k EDU | ||